Ферари (Запис номер 346826)
[ съкратено ]
| 000 -Лидер | |
|---|---|
| Контролно поле с фиксирана дължина | 01698nam a2200433 c 4500 |
| 003 - Код на организацията, давaща контролен номер | |
| Контролно поле | BLK |
| 005 - Дата и час на последна редакция | |
| Контролно поле | 20240723144009.0 |
| 008 - Елементи от данни с фиксирана дължина | |
| fixed length control field | 180411b bul|||||r ||||||| ||bul|| |
| 010 ## - Наследен системен номер | |
| LC control number | KNG00185615000 |
| 020 ## - Международен стандартен номер на книга ISBN | |
| Международен стандартен номер на книга ISBN | 9789547832848 |
| 040 ## - Източник на каталожния запис | |
| Идентификатор на билиотеката - собственик на записа | BLK |
| 041 ## - Код за език | |
| Код за езика на текст/звукозапис или на отделно заглавие | Български |
| Код за езика КДБФ | Български |
| 072 ## - Код за тематичната категория | |
| Код организация | bullib |
| Код за тематична категория | Н83 |
| Текст | Чужда художествена литература Н |
| 9 (RLIN) | 178275 |
| 080 ## - УДК | |
| Текстов определител УДК | Автобиографични романи. Романизувани биографии |
| УДК код - определител по УДК | 82-312.6 |
| 100 ## - Редна дума - Автор | |
| Автор | Йейтс, Брок |
| Авторска отговорност | авт. |
| R(LIN) | 389356 |
| 139 ## - Редно поле | |
| Редна дума | Ферари, Енцо |
| Авторски знак | Фер - Ф 40 |
| 245 10 - Сведения за заглавието | |
| Заглавие | Ферари |
| Подзаглавни данни | мъжът, автомобилите, състезанията, машината |
| Редно поле (дума) | Брок Йейтс; прев. Добринка Кръстева; консулт. Иван Тенчев |
| 257 ## - Страна на издаване | |
| Страна на създаване/издаване | Съединени американски щати |
| 260 ## - Област на издателските данни | |
| Име на издателя, разпространителя и проч. | Локус |
| Година на издаване | 2019 |
| 9 (RLIN) | 213084 |
| Информация за издателството | Локус пъблишинг |
| Издателство - префикс ISBN | 978-954-783- |
| 300 ## - Физическа характеристика | |
| Страници | 648 л. |
| Илюстрации и др. | сн., факс. |
| Размери/Мащаб | 21 см |
| 380 ## - Жанр | |
| Жанр | Худож. лит. |
| 500 ## - Общи забележки | |
| Забележка | Ориг. загл. Ferrari / Brock Yates |
| 600 14 - Име на лице, използвано като предмет | |
| За него / За нея | Ферари, Енцо |
| 9 (RLIN) | 222617 |
| 650 #0 - Допълнително описание по предмет – тема | |
| Основно описание – тема или топоним | Ферари, Енцо |
| 9 (RLIN) | 401236 |
| 651 #0 - Допълнително описание по предмет - топоним | |
| Географско понятие | автомобилни производители |
| 9 (RLIN) | 401237 |
| 653 #7 - Ключова дума – ненормативна | |
| Ключова дума | биографии |
| 9 (RLIN) | 181990 |
| 659 ## - Тематичен бюлетин | |
| Тематичен бюлетин | Н |
| 700 ## - Други автори (авторска отговорност) | |
| Лично име | Тенчев, Иван |
| Автороска отговорност (Описва отношението между автора и произведението) | консултант |
| 9 (RLIN) | 640 |
| 700 ## - Други автори (авторска отговорност) | |
| Лично име | Кръстева, Добринка |
| Автороска отговорност (Описва отношението между автора и произведението) | прев. от англ. |
| 9 (RLIN) | 291524 |
| 852 ## - Местоположение | |
| Фондова буква | Заемна - подръчен фонд |
| Систематично-азбучна сигнатура | 820 (73)-31/Ф 40 |
| 856 4# - Електронен адрес и достъп | |
| Електронен формат | pdf - файл |
| 856 4# - Електронен адрес и достъп | |
| Електронен формат | pdf - файл |
| 999 ## - СИСТЕМНИ КОНТРОЛНИ НОМЕРА | |
| Koha biblionumber | 346826 |
| Koha biblioitemnumber | 346826 |
| 942 ## - АРТИКУЛИ | |
| Вид на библиотечния материал | Книги |
| Скрит в OPAC | Не |
| Koha issues (borrowed), all copies | 24 |
| Периодичен библиозапис | Да |
| 944 ## - СЪЗДАВАНЕ И РЕДАКЦИЯ на ЗАПИСА | |
| Създаване/Редакция | Създаване |
| Дата на регистрацията/редакция | 2019-11-29 |
| Статус, дата на статуса | Минев Младен |
| Служител, извършил регистрацията/редакцията | 30530 |
| 944 ## - СЪЗДАВАНЕ И РЕДАКЦИЯ на ЗАПИСА | |
| Създаване/Редакция | Редакция |
| Дата на регистрацията/редакция | 2019-11-29 |
| Статус, дата на статуса | 2019-11-29 |
| Служител, извършил регистрацията/редакцията | К.Д. |
| 999 ## - СИСТЕМНИ КОНТРОЛНИ НОМЕРА | |
| Koha biblioitemnumber | 346826 |
| 999 ## - СИСТЕМНИ КОНТРОЛНИ НОМЕРА | |
| Koha biblioitemnumber | 346826 |
| 999 ## - СИСТЕМНИ КОНТРОЛНИ НОМЕРА | |
| Koha biblioitemnumber | 176981 |
| Код за отписване | Код за изгубен артикул | Източник на класификационната схема | Код за повреда | Коз за рестрикции | Код за отдаване | Артикулен № | Име на библиотеката - собственик | Име на библиотеката, в която се намира в момента | Статус (Текущо местоположение) | Дата на вписване в системата | Местоположение - отдел | Цена в лева | Систематично азбучна сигнатура | Баркод | Цена в евро | Служебен тип на артикула |
|---|---|---|---|---|---|---|---|---|---|---|---|---|---|---|---|---|
| Не е изгубен | Universal Decimal Classification | Не е повреден | без рестрикции | заемане за дома | 751459 | Регионална библиотека "Любен Каравелов" Русе | Регионална библиотека "Любен Каравелов" Русе | Заемна - подръчен фонд | 2019-12-09 | Заемна - подръчен фонд | 21.00 | П 820(73)-31/Ф 40 | 120000838255 | 10.74 | Книги | |
| Не е изгубен | Universal Decimal Classification | Не е повреден | без рестрикции | ползва се в читалня | 781478 | Регионална библиотека "Любен Каравелов" Русе | Регионална библиотека "Любен Каравелов" Русе | Хранилище | 2020-07-06 | Хранилище | 28.00 | Цб 300550 | 120000845529 | 14.32 | Книги |